[Event "Senior Women Russian Championship 2022_HL"]
[Site "Saint-Petersburg, Russia"]
[Date "2022.09.27"]
[Round "4.7"]
[White "Kozlovskaya, Valentina"]
[Black "Kuznetsova, Luba"]
[Result "0-1"]
[TimeControl "Standard: 90min/40moves+30min/end+30sec increment per move starting from move 1"]
[WhiteElo "2067"]
[BlackElo "1935"]

1. d4 {[%clk 01:30:58]} {[%emt 00:00:01]} Nf6 {[%clk 01:30:25]} {[%emt
00:00:34]} 2. Nf3 {[%clk 01:30:23]} {[%emt 00:01:05]} d5 {[%clk 01:29:56]}
{[%emt 00:01:00]} 3. e3 {[%clk 01:29:38]} {[%emt 00:01:14]} c6 {[%clk
01:27:27]} {[%emt 00:03:00]} 4. Bd3 {[%clk 01:29:17]} {[%emt 00:00:51]} Bg4
{[%clk 01:26:33]} {[%emt 00:01:22]} 5. h3 {[%clk 01:27:05]} {[%emt 00:02:42]}
Bh5 {[%clk 01:26:11]} {[%emt 00:00:52]} 6. c3 {[%clk 01:23:55]} {[%emt
00:03:42]} e6 {[%clk 01:23:56]} {[%emt 00:02:44]} 7. Qb3 {[%clk 01:22:15]}
{[%emt 00:02:10]} Qb6 {[%clk 01:20:39]} {[%emt 00:03:47]} 8. Qxb6 {[%emt
00:01:53]} axb6 {[%emt 00:00:02]} 9. Nbd2 {[%clk 01:16:49]} {[%emt 00:04:01]}
Nbd7 {[%clk 01:19:44]} {[%emt 00:01:26]} 10. O-O {[%clk 01:11:37]} {[%emt
00:05:42]} Bd6 {[%clk 01:18:50]} {[%emt 00:01:20]} 11. Nh2 {[%clk 01:10:14]}
{[%emt 00:01:56]} Bg6 {[%clk 01:16:39]} {[%emt 00:02:41]} 12. Be2 {[%clk
01:04:37]} {[%emt 00:06:07]} b5 {[%clk 01:12:11]} {[%emt 00:04:58]} 13. f4
{[%clk 01:01:45]} {[%emt 00:03:22]} Ne4 {[%clk 01:09:59]} {[%emt 00:02:41]} 14.
Nxe4 {[%clk 00:59:46]} {[%emt 00:02:30]} Bxe4 {[%clk 01:10:14]} {[%emt
00:00:14]} 15. Bd2 {[%clk 00:59:16]} {[%emt 00:01:00]} O-O {[%clk 01:08:17]}
{[%emt 00:02:27]} 16. Rfc1 {[%clk 00:58:05]} {[%emt 00:01:41]} Nb6 {[%clk
01:06:11]} {[%emt 00:02:36]} 17. Ng4 {[%clk 00:47:54]} {[%emt 00:10:41]} Na4
{[%clk 00:57:51]} {[%emt 00:08:51]} 18. b3 {[%clk 00:43:55]} {[%emt 00:04:28]}
Nb6 {[%clk 00:57:45]} {[%emt 00:00:37]} 19. Re1 {[%clk 00:38:32]} {[%emt
00:05:52]} Ra7 {[%clk 00:55:46]} {[%emt 00:02:30]} 20. Nf2 {[%clk 00:33:59]}
{[%emt 00:05:02]} Bg6 {[%clk 00:52:38]} {[%emt 00:03:38]} 21. c4 {[%clk
00:25:55]} {[%emt 00:08:34]} bxc4 {[%clk 00:52:18]} {[%emt 00:00:51]} 22. bxc4
{[%clk 00:26:21]} {[%emt 00:00:04]} Nxc4 {[%clk 00:51:40]} {[%emt 00:01:07]} 23.
Bxc4 {[%clk 00:26:45]} {[%emt 00:00:07]} dxc4 {[%clk 00:51:45]} {[%emt
00:00:25]} 24. e4 {[%clk 00:27:01]} {[%emt 00:00:14]} Rfa8 {[%clk 00:47:23]}
{[%emt 00:04:52]} 25. g4 {[%clk 00:26:12]} {[%emt 00:01:19]} f6 {[%clk
00:47:12]} {[%emt 00:00:40]} 26. f5 {[%clk 00:24:51]} {[%emt 00:01:51]} Bf7
{[%clk 00:45:02]} {[%emt 00:02:40]} 27. e5 {[%clk 00:20:53]} {[%emt 00:04:29]}
fxe5 {[%clk 00:41:19]} {[%emt 00:04:12]} 28. fxe6 {[%clk 00:17:43]} {[%emt
00:03:41]} Bxe6 {[%clk 00:39:41]} {[%emt 00:02:08]} 29. Ne4 {[%clk 00:18:12]}
{[%emt 00:00:02]} Bc7 {[%clk 00:36:52]} {[%emt 00:03:19]} 30. Nc5 {[%clk
00:10:48]} {[%emt 00:07:55]} Bd5 {[%clk 00:35:28]} {[%emt 00:01:53]} 31. dxe5
{[%clk 00:10:59]} {[%emt 00:00:20]} b6 {[%clk 00:32:19]} {[%emt 00:03:39]} 32.
Ne4 {[%clk 00:08:54]} {[%emt 00:02:35]} Bxe5 {[%clk 00:31:41]} {[%emt
00:01:08]} 33. Bc3 {[%clk 00:09:23]} Bxc3 {[%clk 00:30:14]} {[%emt 00:01:57]}
34. Nxc3 {[%clk 00:09:52]} {[%emt 00:00:01]} b5 {[%clk 00:29:40]} {[%emt
00:01:04]} 35. Re5 {[%clk 00:09:55]} {[%emt 00:00:27]} b4 {[%clk 00:27:48]}
{[%emt 00:02:22]} 36. Nxd5 {[%clk 00:10:13]} {[%emt 00:00:12]} cxd5 {[%emt
00:00:17]} 37. Rxd5 {[%emt 00:00:03]} Rxa2 {[%emt 00:02:06]} 0-1

[Event "Senior Women Russian Championship 2022_HL"]
[Site "Saint-Petersburg, Russia"]
[Date "2022.09.27"]
[Round "4.8"]
[White "Kapelkina, Galina"]
[Black "Khropova, Larisa"]
[Result "0-1"]
[TimeControl "Standard: 90min/40moves+30min/end+30sec increment per move starting from move 1"]
[WhiteElo "1644"]
[BlackElo "2031"]

1. d4 {[%clk 01:30:57]} {[%emt 00:00:03]} d5 {[%clk 01:30:55]} {[%emt
00:00:06]} 2. c4 {[%clk 01:31:09]} {[%emt 00:00:18]} c6 {[%clk 01:31:14]}
{[%emt 00:00:11]} 3. cxd5 {[%clk 01:30:55]} {[%emt 00:00:44]} cxd5 {[%clk
01:31:24]} {[%emt 00:00:20]} 4. Nf3 {[%clk 01:31:11]} {[%emt 00:00:13]} Nc6
{[%clk 01:31:21]} {[%emt 00:00:34]} 5. Nc3 {[%clk 01:30:48]} {[%emt 00:00:52]}
Nf6 {[%clk 01:31:43]} {[%emt 00:00:10]} 6. e3 {[%clk 01:30:58]} {[%emt
00:00:19]} Rb8 {[%clk 01:22:48]} {[%emt 00:09:25]} 7. Bd3 {[%clk 01:25:35]}
{[%emt 00:05:53]} Bg4 {[%clk 01:22:30]} {[%emt 00:00:48]} 8. O-O {[%clk
01:23:02]} {[%emt 00:03:04]} e6 {[%clk 01:22:24]} {[%emt 00:00:36]} 9. Bd2
{[%clk 01:20:42]} {[%emt 00:02:49]} Bd6 {[%clk 01:21:50]} {[%emt 00:01:04]} 10.
h3 {[%clk 01:19:59]} {[%emt 00:01:14]} Bh5 {[%clk 01:21:40]} {[%emt 00:00:40]}
11. Rc1 {[%clk 01:19:50]} {[%emt 00:00:39]} O-O {[%clk 01:21:33]} {[%emt
00:00:36]} 12. Nb5 {[%clk 01:16:27]} {[%emt 00:03:53]} Be7 {[%clk 01:21:16]}
{[%emt 00:00:47]} 13. g4 {[%clk 01:12:38]} {[%emt 00:04:20]} Bg6 {[%clk
01:20:54]} {[%emt 00:00:52]} 14. Bxg6 {[%clk 01:09:46]} {[%emt 00:03:22]} hxg6
{[%clk 01:16:42]} {[%emt 00:04:42]} 15. Ne5 {[%clk 00:59:09]} {[%emt 00:11:06]}
Nxe5 {[%clk 01:09:03]} {[%emt 00:08:10]} 16. dxe5 {[%clk 00:59:17]} {[%emt
00:00:21]} Nd7 {[%clk 01:09:19]} {[%emt 00:00:14]} 17. Bc3 {[%clk 00:53:02]}
{[%emt 00:06:46]} a6 {[%clk 01:03:58]} {[%emt 00:05:51]} 18. Nd4 {[%clk
00:43:31]} {[%emt 00:10:00]} Rc8 {[%clk 01:00:46]} {[%emt 00:03:42]} 19. Nb3
{[%clk 00:41:59]} {[%emt 00:02:02]} Nb8 {[%clk 00:50:20]} {[%emt 00:10:56]} 20.
Qe2 {[%clk 00:35:59]} {[%emt 00:06:28]} Nc6 {[%clk 00:49:56]} {[%emt 00:00:57]}
21. Nd4 {[%clk 00:34:44]} {[%emt 00:01:44]} Qb6 {[%clk 00:47:31]} {[%emt
00:02:56]} 22. Rc2 {[%clk 00:31:30]} {[%emt 00:03:44]} Nxe5 {[%clk 00:41:23]}
{[%emt 00:06:39]} 23. Rfc1 {[%clk 00:22:05]} {[%emt 00:09:54]} Nc6 {[%clk
00:40:46]} {[%emt 00:01:07]} 24. Qd3 {[%clk 00:13:12]} {[%emt 00:09:21]} Rfe8
{[%clk 00:37:53]} {[%emt 00:03:25]} 25. Nxe6 {[%clk 00:08:56]} {[%emt
00:04:46]} fxe6 {[%clk 00:34:37]} {[%emt 00:03:46]} 26. Qxg6 {[%clk 00:09:09]}
{[%emt 00:00:16]} Bf8 {[%clk 00:34:59]} {[%emt 00:00:09]} 27. Bd4 {[%clk
00:07:25]} {[%emt 00:02:11]} Qc7 {[%clk 00:34:32]} {[%emt 00:01:00]} 0-1

[Event "Senior Women Russian Championship 2022_HL"]
[Site "Saint-Petersburg, Russia"]
[Date "2022.09.27"]
[Round "4.9"]
[White "Malinicheva, Lidia"]
[Black "Gladisheva, Tatjana"]
[Result "0-1"]
[TimeControl "Standard: 90min/40moves+30min/end+30sec increment per move starting from move 1"]
[WhiteElo "1845"]
[BlackElo "2162"]

1. Nf3 {[%clk 01:30:48]} {[%emt 00:00:10]} d5 {[%clk 01:30:39]} {[%emt
00:00:22]} 2. b3 {[%clk 01:30:57]} {[%emt 00:00:21]} c5 {[%clk 01:30:28]}
{[%emt 00:00:41]} 3. e3 {[%clk 01:30:49]} {[%emt 00:00:37]} Nf6 {[%clk
01:30:43]} {[%emt 00:00:16]} 4. Bb2 {[%clk 01:30:47]} {[%emt 00:00:32]} Nc6
{[%clk 01:30:56]} {[%emt 00:00:17]} 5. d4 {[%clk 01:29:07]} {[%emt 00:02:10]}
e6 {[%clk 01:28:46]} {[%emt 00:02:40]} 6. Nbd2 {[%clk 01:27:56]} {[%emt
00:01:41]} Bd6 {[%clk 01:28:33]} {[%emt 00:00:43]} 7. a3 {[%clk 01:27:08]}
{[%emt 00:01:17]} O-O {[%clk 01:28:42]} {[%emt 00:00:21]} 8. Bd3 {[%clk
01:25:11]} {[%emt 00:02:26]} Nd7 {[%clk 01:27:26]} {[%emt 00:01:47]} 9. c4
{[%clk 01:21:12]} {[%emt 00:04:28]} cxd4 {[%clk 01:26:09]} {[%emt 00:01:48]} 10.
exd4 {[%clk 01:17:45]} {[%emt 00:03:56]} Bf4 {[%clk 01:19:32]} {[%emt
00:07:08]} 11. g3 {[%clk 01:03:27]} {[%emt 00:14:48]} Bxd2+ {[%clk 01:13:56]}
{[%emt 00:06:06]} 12. Nxd2 {[%clk 00:59:29]} {[%emt 00:04:26]} e5 {[%clk
01:08:53]} {[%emt 00:05:35]} 13. dxe5 {[%clk 00:44:48]} {[%emt 00:15:11]} Ndxe5
{[%clk 01:05:21]} {[%emt 00:04:01]} 14. Be2 {[%clk 00:40:27]} {[%emt 00:04:51]}
Bh3 {[%clk 01:01:21]} {[%emt 00:04:31]} 15. c5 {[%clk 00:26:12]} {[%emt
00:14:45]} Re8 {[%clk 00:59:47]} {[%emt 00:02:04]} 16. Qc2 {[%clk 00:26:12]}
{[%emt 00:00:30]} d4 {[%clk 00:59:33]} {[%emt 00:00:45]} 17. f4 {[%clk
00:19:21]} {[%emt 00:07:20]} Ng4 {[%clk 00:54:07]} {[%emt 00:05:55]} 18. Qd3
{[%clk 00:13:42]} {[%emt 00:06:09]} Re3 {[%clk 00:52:37]} {[%emt 00:02:00]} 19.
Qc4 {[%clk 00:13:03]} {[%emt 00:01:10]} d3 {[%clk 00:50:06]} {[%emt 00:03:01]}
20. O-O-O {[%clk 00:12:21]} {[%emt 00:01:12]} dxe2 {[%clk 00:50:12]} {[%emt
00:00:24]} 21. Rde1 {[%clk 00:12:26]} {[%emt 00:00:24]} Nf2 {[%clk 00:49:40]}
{[%emt 00:01:02]} 22. Rxe2 {[%emt 00:00:25]} 0-1

[Event "Senior Women Russian Championship 2022_HL"]
[Site "Saint-Petersburg, Russia"]
[Date "2022.09.27"]
[Round "4.10"]
[White "Kazantseva, Alla"]
[Black "Chernikova, Svetlana"]
[Result "1/2-1/2"]
[TimeControl "Standard: 90min/40moves+30min/end+30sec increment per move starting from move 1"]
[WhiteElo "1654"]
[BlackElo "2008"]

1. e4 {[%clk 01:30:58]} c5 {[%clk 01:30:49]} {[%emt 00:00:11]} 2. g3 {[%clk
01:31:17]} {[%emt 00:00:11]} Nc6 {[%clk 01:30:55]} {[%emt 00:00:24]} 3. Bg2
{[%clk 01:31:27]} {[%emt 00:00:20]} g6 {[%clk 01:31:07]} {[%emt 00:00:19]} 4.
d3 {[%clk 01:31:38]} {[%emt 00:00:19]} Bg7 {[%clk 01:30:58]} {[%emt 00:00:39]}
5. c3 {[%clk 01:32:00]} {[%emt 00:00:08]} e6 {[%clk 01:27:14]} {[%emt
00:04:15]} 6. Nf3 {[%clk 01:31:45]} {[%emt 00:00:44]} d5 {[%clk 01:26:26]}
{[%emt 00:01:19]} 7. O-O {[%clk 01:30:03]} {[%emt 00:02:10]} Nge7 {[%clk
01:26:27]} {[%emt 00:00:30]} 8. Nbd2 {[%clk 01:28:23]} {[%emt 00:02:10]} O-O
{[%clk 01:25:57]} {[%emt 00:01:00]} 9. Re1 {[%clk 01:27:41]} {[%emt 00:01:12]}
Qc7 {[%clk 01:22:01]} {[%emt 00:04:26]} 10. Nf1 {[%clk 01:24:57]} {[%emt
00:03:13]} Rd8 {[%clk 01:20:22]} {[%emt 00:02:10]} 11. Qc2 {[%clk 01:25:05]}
{[%emt 00:00:22]} b6 {[%clk 01:18:06]} {[%emt 00:02:46]} 12. Bf4 {[%clk
01:24:10]} {[%emt 00:01:24]} e5 {[%clk 01:14:35]} {[%emt 00:04:02]} 13. Bg5
{[%clk 01:21:16]} {[%emt 00:03:21]} f6 {[%clk 01:10:46]} {[%emt 00:04:23]} 14.
Bd2 {[%clk 01:16:22]} {[%emt 00:05:23]} Bb7 {[%clk 01:07:26]} {[%emt 00:03:51]}
15. Ne3 {[%clk 01:14:42]} {[%emt 00:02:08]} c4 {[%clk 00:55:33]} {[%emt
00:12:23]} 16. exd5 {[%clk 01:04:08]} {[%emt 00:11:04]} Na5 {[%clk 00:49:10]}
{[%emt 00:06:54]} 17. dxc4 {[%clk 00:52:19]} {[%emt 00:12:19]} Nxc4 {[%clk
00:48:01]} {[%emt 00:01:39]} 18. Nxc4 {[%clk 00:51:45]} {[%emt 00:01:03]} Qxc4
{[%clk 00:47:50]} {[%emt 00:00:43]} 19. b3 {[%clk 00:44:44]} {[%emt 00:07:30]}
Qxd5 {[%clk 00:40:11]} {[%emt 00:08:09]} 20. Rad1 {[%clk 00:44:44]} {[%emt
00:00:27]} Qc6 {[%clk 00:40:13]} {[%emt 00:00:31]} 21. c4 {[%clk 00:43:30]}
{[%emt 00:01:44]} Qc7 {[%clk 00:38:17]} {[%emt 00:02:26]} 22. Bc3 {[%clk
00:40:07]} {[%emt 00:03:51]} Rac8 {[%clk 00:33:43]} {[%emt 00:05:06]} 23. Rxd8+
{[%clk 00:39:28]} {[%emt 00:01:09]} Rxd8 {[%clk 00:34:03]} {[%emt 00:00:10]} 24.
Rd1 {[%clk 00:39:35]} {[%emt 00:00:22]} Nc6 {[%clk 00:28:46]} {[%emt 00:05:48]}
1/2-1/2

[Event "Senior Women Russian Championship 2022_HL"]
[Site "Saint-Petersburg, Russia"]
[Date "2022.09.27"]
[Round "4.11"]
[White "Saunina, Ludmila"]
[Black "Sorokina, Tamara"]
[Result "1/2-1/2"]
[TimeControl "Standard: 90min/40moves+30min/end+30sec increment per move starting from move 1"]
[WhiteElo "1902"]
[BlackElo "2028"]

1. e4 {[%clk 01:30:53]} {[%emt 00:00:07]} e6 {[%clk 01:30:52]} {[%emt
00:00:08]} 2. d4 {[%clk 01:31:19]} {[%emt 00:00:04]} d5 {[%clk 01:31:17]}
{[%emt 00:00:05]} 3. exd5 {[%clk 01:31:44]} {[%emt 00:00:06]} exd5 {[%clk
01:31:41]} {[%emt 00:00:06]} 4. Bd3 {[%clk 01:32:06]} {[%emt 00:00:07]} Bd6
{[%clk 01:31:56]} {[%emt 00:00:15]} 5. Ne2 {[%clk 01:32:04]} {[%emt 00:00:33]}
Ne7 {[%clk 01:31:41]} {[%emt 00:00:44]} 6. O-O {[%clk 01:32:23]} {[%emt
00:00:11]} O-O {[%clk 01:32:06]} {[%emt 00:00:05]} 7. Bf4 {[%clk 01:32:00]}
{[%emt 00:00:53]} c6 {[%clk 01:32:23]} {[%emt 00:00:13]} 8. c3 {[%clk
01:32:05]} {[%emt 00:00:26]} Bxf4 {[%clk 01:32:39]} {[%emt 00:00:14]} 9. Nxf4
{[%clk 01:32:26]} {[%emt 00:00:09]} Bf5 {[%clk 01:33:05]} {[%emt 00:00:04]} 10.
Bxf5 {[%clk 01:32:23]} {[%emt 00:00:33]} Nxf5 {[%clk 01:33:30]} {[%emt
00:00:05]} 11. Qg4 {[%clk 01:32:23]} {[%emt 00:00:30]} Qf6 {[%clk 01:33:01]}
{[%emt 00:00:59]} 12. Nd2 {[%clk 01:32:19]} {[%emt 00:00:33]} Nh6 {[%clk
01:33:10]} {[%emt 00:00:21]} 1/2-1/2

[Event "Senior Women Russian Championship 2022_HL"]
[Site "Saint-Petersburg, Russia"]
[Date "2022.09.28"]
[Round "5.1"]
[White "Fatalibekova, Elena"]
[Black "Bogumil, Tatiana"]
[Result "1/2-1/2"]
[TimeControl "Standard: 90min/40moves+30min/end+30sec increment per move starting from move 1"]
[WhiteElo "2140"]
[BlackElo "2182"]

1. Nf3 {[%clk 01:30:55]} Nf6 {[%clk 01:30:26]} 2. c4 {[%clk 01:31:12]} b6
{[%clk 01:28:40]} {[%emt 00:00:06]} 3. Nc3 {[%clk 01:30:58]} {[%emt 00:00:43]}
Bb7 {[%clk 01:28:44]} {[%emt 00:00:26]} 4. d4 {[%clk 01:31:27]} e6 {[%clk
01:28:14]} {[%emt 00:01:00]} 5. g3 {[%clk 01:31:07]} {[%emt 00:00:50]} Bb4
{[%clk 01:25:47]} {[%emt 00:02:57]} 6. Bd2 {[%clk 01:27:11]} {[%emt 00:04:26]}
O-O {[%clk 01:21:38]} {[%emt 00:04:39]} 7. Bg2 {[%clk 01:27:36]} {[%emt
00:00:04]} a5 {[%clk 01:17:09]} {[%emt 00:05:00]} 8. O-O {[%clk 01:27:49]}
{[%emt 00:00:17]} Re8 {[%clk 01:11:47]} {[%emt 00:11:52]} 9. Rc1 {[%clk
01:24:51]} {[%emt 00:03:27]} h6 {[%clk 01:10:25]} {[%emt 00:01:52]} 10. Qc2
{[%clk 01:18:20]} {[%emt 00:07:02]} d6 {[%clk 01:08:37]} {[%emt 00:02:17]} 11.
Rfe1 {[%clk 01:16:22]} {[%emt 00:02:28]} Bxc3 {[%clk 01:04:54]} {[%emt
00:04:14]} 12. Bxc3 {[%clk 01:15:41]} {[%emt 00:01:11]} Be4 {[%clk 01:04:02]}
{[%emt 00:01:21]} 13. Qd1 {[%emt 00:00:46]} 1/2-1/2

[Event "Senior Women Russian Championship 2022_HL"]
[Site "Saint-Petersburg, Russia"]
[Date "2022.09.28"]
[Round "5.2"]
[White "Mednikova, Svetlana"]
[Black "Ivanova, Tatiana"]
[Result "0-1"]
[TimeControl "Standard: 90min/40moves+30min/end+30sec increment per move starting from move 1"]
[WhiteElo "2092"]
[BlackElo "2127"]

1. e4 {[%clk 01:30:56]} d5 {[%clk 01:30:54]} 2. exd5 {[%clk 01:31:19]} Nf6
{[%clk 01:31:20]} 3. d4 {[%clk 01:29:40]} {[%emt 00:00:02]} Nxd5 {[%clk
01:31:43]} 4. c4 {[%clk 01:30:01]} Nb6 {[%clk 01:32:09]} 5. Nc3 {[%clk
01:29:48]} {[%emt 00:00:27]} e5 {[%clk 01:32:32]} 6. dxe5 {[%clk 01:25:53]}
{[%emt 00:04:31]} Qxd1+ {[%clk 01:32:55]} 7. Nxd1 {[%clk 01:26:14]} {[%emt
00:00:16]} Nc6 {[%clk 01:33:19]} 8. Nf3 {[%clk 01:21:07]} {[%emt 00:05:43]} Bg4
{[%clk 01:29:25]} 9. Be2 {[%clk 01:15:27]} {[%emt 00:16:33]} Bxf3 {[%clk
01:26:48]} 10. Bxf3 {[%clk 01:14:10]} {[%emt 00:04:55]} Nxe5 {[%clk 01:26:59]}
11. Bxb7 {[%clk 01:12:55]} {[%emt 00:02:04]} Rb8 {[%clk 01:26:58]} 12. Be4
{[%clk 01:10:10]} {[%emt 00:03:45]} Nbxc4 {[%clk 01:22:11]} 13. O-O {[%clk
00:59:37]} {[%emt 00:16:18]} Bc5 {[%clk 01:09:12]} 14. b3 {[%clk 00:41:13]}
{[%emt 00:32:26]} Bd4 {[%clk 01:03:24]} 15. Rb1 {[%clk 00:40:27]} {[%emt
00:07:33]} Nd6 {[%clk 01:02:50]} 16. Re1 {[%clk 00:39:31]} {[%emt 00:02:31]}
Kd7 {[%clk 00:53:58]} 17. Bb2 {[%clk 00:36:31]} {[%emt 00:12:51]} c5 {[%clk
00:48:36]} 18. Bxd4 {[%clk 00:31:28]} {[%emt 00:11:25]} cxd4 {[%clk 00:47:48]}
19. Nb2 {[%clk 00:31:40]} {[%emt 00:01:36]} Rhe8 {[%clk 00:45:26]} 20. Bd3
{[%clk 00:27:24]} {[%emt 00:07:38]} Rbc8 {[%clk 00:39:57]} 21. f4 {[%clk
00:19:30]} {[%emt 00:14:23]} Nxd3 {[%clk 00:38:50]} 22. Nxd3 {[%emt 00:03:45]}
Rxe1+ 23. Nxe1 Nf5 24. Rd1 Ke6 25. Nf3 Kd5 26. g4 Rc3 27. Kf2 Rc2+ 28. Rd2 Ne3
29. Rxc2 Nxc2 30. Ke2 Ke4 31. f5 d3+ 32. Kf2 f6 33. h3 Nb4 34. a3 Nc2 35. Nd2+
Kd4 36. Nb1 Na1 37. b4 Nc2 38. Kf3 Ne3 39. a4 Nd5 40. b5 {[%clk 00:17:52]} Nc3
{[%clk 00:31:22]} 41. Nd2 {[%emt 55:12:20]} Nxa4 42. h4 Nb6 43. g5 Nc4 44. Ne4
d2 45. Nf2 Ne3 46. gxf6 gxf6 47. Ke2 d1=Q+ 48. Nxd1 {[%clk 00:28:36]} Nxd1
{[%clk 00:33:51]} 0-1

[Event "Senior Women Russian Championship 2022_HL"]
[Site "Saint-Petersburg, Russia"]
[Date "2022.09.28"]
[Round "5.3"]
[White "Sazonova, Elena N."]
[Black "Strutinskaia, Galina"]
[Result "1/2-1/2"]
[TimeControl "Standard: 90min/40moves+30min/end+30sec increment per move starting from move 1"]
[WhiteElo "2120"]
[BlackElo "2097"]

1. e4 {[%clk 01:30:54]} c5 {[%clk 01:30:50]} 2. c3 {[%clk 01:31:16]} d5 {[%clk
01:31:00]} 3. exd5 Qxd5 {[%clk 01:31:24]} 4. d4 {[%clk 01:31:43]} Nf6 {[%emt
00:00:02]} 5. Nf3 {[%clk 01:30:39]} {[%emt 00:00:34]} Bg4 {[%clk 01:30:42]}
{[%emt 00:01:05]} 6. Be2 {[%clk 01:30:32]} {[%emt 00:00:37]} e6 {[%clk
01:30:13]} {[%emt 00:00:59]} 7. O-O {[%clk 01:27:37]} {[%emt 00:03:24]} Nc6
{[%clk 01:27:31]} {[%emt 00:03:13]} 8. h3 {[%clk 01:20:40]} {[%emt 00:07:27]}
Bh5 {[%clk 01:27:19]} {[%emt 00:00:43]} 9. c4 {[%clk 01:17:30]} {[%emt
00:09:39]} Qd7 {[%clk 01:24:09]} {[%emt 00:03:39]} 10. dxc5 {[%clk 01:16:08]}
{[%emt 00:01:52]} Bxc5 {[%clk 01:21:15]} {[%emt 00:03:23]} 11. Qxd7+ {[%clk
01:14:33]} {[%emt 00:02:06]} Nxd7 {[%clk 01:17:23]} {[%emt 00:04:22]} 12. a3
{[%clk 01:13:57]} {[%emt 00:01:06]} Bxf3 {[%clk 01:14:59]} {[%emt 00:02:54]} 13.
Bxf3 {[%clk 01:13:01]} {[%emt 00:01:25]} Nde5 {[%clk 01:14:07]} {[%emt
00:01:23]} 14. Bxc6+ {[%clk 01:11:13]} {[%emt 00:02:18]} bxc6 {[%clk 01:13:59]}
{[%emt 00:00:38]} 15. Nd2 {[%clk 01:04:13]} {[%emt 00:07:29]} Ke7 {[%clk
01:08:58]} {[%emt 00:05:32]} 16. b4 {[%clk 01:01:11]} {[%emt 00:03:32]} Bd4
{[%clk 01:08:54]} {[%emt 00:00:34]} 17. Rb1 {[%clk 01:01:32]} {[%emt 00:00:09]}
Rhd8 {[%clk 01:07:36]} {[%emt 00:01:48]} 18. c5 {[%clk 00:53:56]} {[%emt
00:08:06]} a5 {[%clk 01:04:57]} {[%emt 00:03:09]} 19. Nb3 {[%emt 00:00:23]}
axb4 {[%emt 00:00:01]} 20. Nxd4 Rxd4 21. Bb2 Rd5 22. Bxe5 Rxe5 23. axb4 {[%emt
00:00:02]} 1/2-1/2

[Event "Senior Women Russian Championship 2022_HL"]
[Site "Saint-Petersburg, Russia"]
[Date "2022.09.28"]
[Round "5.4"]
[White "Kuznetsova, Luba"]
[Black "Mikhaylova, Irina"]
[Result "0-1"]
[TimeControl "Standard: 90min/40moves+30min/end+30sec increment per move starting from move 1"]
[WhiteElo "1935"]
[BlackElo "2266"]

1. d4 {[%clk 01:30:55]} Nf6 {[%clk 01:30:54]} 2. c4 {[%clk 01:31:02]} g6 {[%clk
01:31:14]} 3. Nc3 {[%clk 01:31:13]} d5 {[%clk 01:31:39]} 4. e3 {[%clk
01:31:11]} Bg7 {[%clk 01:32:02]} 5. Nf3 {[%clk 01:31:16]} {[%emt 00:00:02]} O-O
{[%clk 01:32:08]} 6. Be2 {[%clk 01:31:16]} c5 {[%clk 01:32:10]} {[%emt
00:00:29]} 7. O-O {[%clk 01:26:31]} {[%emt 00:05:15]} cxd4 {[%clk 01:31:11]}
{[%emt 00:01:30]} 8. Nxd4 {[%clk 01:25:23]} {[%emt 00:01:38]} dxc4 {[%clk
01:17:55]} {[%emt 00:19:45]} 9. Bxc4 {[%clk 01:23:01]} {[%emt 00:02:50]} Bd7
{[%clk 01:11:26]} {[%emt 00:07:00]} 10. Qe2 {[%clk 01:14:35]} {[%emt 00:08:55]}
Nc6 {[%clk 01:11:26]} {[%emt 00:00:30]} 11. Nxc6 {[%clk 01:13:57]} {[%emt
00:01:08]} Bxc6 {[%clk 01:11:46]} {[%emt 00:00:11]} 12. e4 {[%clk 01:13:49]}
{[%emt 00:00:38]} e6 {[%clk 01:10:02]} {[%emt 00:02:14]} 13. Bg5 {[%clk
01:10:06]} {[%emt 00:04:12]} Qa5 {[%clk 01:09:25]} {[%emt 00:01:08]} 14. Bd2
{[%clk 01:08:54]} {[%emt 00:01:42]} Qh5 {[%clk 00:47:31]} {[%emt 00:22:25]} 15.
f3 {[%clk 01:01:15]} {[%emt 00:08:08]} Rac8 {[%clk 00:46:11]} {[%emt 00:01:50]}
16. Rac1 {[%clk 00:59:11]} {[%emt 00:02:34]} a6 {[%clk 00:44:56]} {[%emt
00:01:46]} 17. Be3 {[%clk 00:56:44]} {[%emt 00:02:56]} b5 {[%clk 00:43:38]}
{[%emt 00:01:49]} 18. Bb3 {[%clk 00:53:53]} {[%emt 00:03:21]} b4 {[%clk
00:40:59]} {[%emt 00:03:09]} 19. Nb1 {[%clk 00:50:14]} {[%emt 00:04:07]} Bb5
{[%clk 00:36:25]} {[%emt 00:05:06]} 20. Bc4 {[%clk 00:50:25]} {[%emt 00:00:17]}
Rxc4 {[%clk 00:33:43]} {[%emt 00:03:14]} 21. Rxc4 {[%clk 00:50:52]} {[%emt
00:00:03]} Nxe4 {[%clk 00:33:01]} {[%emt 00:01:12]} 22. g4 {[%clk 00:49:22]}
{[%emt 00:01:59]} Qd5 {[%clk 00:30:09]} {[%emt 00:03:22]} 23. fxe4 {[%clk
00:46:20]} {[%emt 00:03:32]} Qxc4 {[%clk 00:30:27]} {[%emt 00:00:13]} 24. Qf2
{[%clk 00:46:09]} {[%emt 00:00:39]} Qxf1+ {[%clk 00:30:45]} {[%emt 00:00:13]}
0-1